| 000 | 00924nas a2200301 4500 | ||
|---|---|---|---|
| 001 | BR9209462 | ||
| 003 | BR-BrBNA | ||
| 005 | 20231205093258.0 | ||
| 007 | ta | ||
| 008 | 230509b bl.|||p| |||| 00| 00por d | ||
| 040 |
_aBR-BrBNA _bpor _cBiblioteca Nacional de Agricultura |
||
| 041 | _a(Pt) | ||
| 072 | _aF30 | ||
| 100 | 1 | _aSgarbieri, V.C. | |
| 100 | 1 | _aContreras, E. | |
| 100 | 1 | _aAmaya, J. | |
| 100 | 1 | _aSilva, W.J. da | |
| 100 | 1 | _aReyes, F.G.R. | |
| 245 | 1 | _aComposicao e valor nutritivo de quatro cultivares de milho (Zea mays)em dois estagios de maturacao | |
| 650 | _aMILHO | ||
| 650 | _aCOMPORTAMENTO DE VARIEDADE | ||
| 650 | _aVALOR NUTRITIVO | ||
| 650 | _aNUTRICAO ANIMAL | ||
| 650 | _aNUTRICAO HUMANA | ||
| 773 | 0 |
_tCiencia e Tecnologia de Alimentos (Brazil) _xISSN 0102-2061 _g(Jul-Dec 1982), v. 2(2) p. 180-193 _wBR9209462 |
|
| 909 |
_a202311 _bLúcia _c55 _dLúcia Elande |
||
| 942 |
_2AGRIS _n0 _cANA |
||
| 999 |
_c137254 _d137254 |
||